[Event "Berlin Lichtenrade op 15th"]
[Site "Berlin"]
[Date "2019.10.16"]
[Round "5"]
[White "Fenske, Nils"]
[Black "Stein, Siegfried"]
[Result "1/2-1/2"]
[WhiteElo "1821"]
[BlackElo "1798"]
[PlyCount "114"]
[EventDate "2019.10.12"]
[EventType "swiss"]
[EventRounds "9"]
[EventCountry "GER"]
[SourceTitle "CBM 195 Extra"]
[Source "ChessBase"]
[SourceDate "2020.05.31"]
[SourceVersion "1"]
[SourceVersionDate "2020.05.31"]
[SourceQuality "1"]

1. d4 Nf6 2. Nf3 g6 3. c4 Bg7 4. Nc3 0-0 5. e4 d6 6. h3 Na6 7. Be3 c5 8. d5 Qa5 9. Bd2 Bd7 10. Be2 Qd8 11. 0-0 Nc7 12. Ne1 a6 13. a4 Rb8 14. a5 b5 15. axb6 Rxb6 16. Qc2 Qb8 17. Bc1 Qb7 18. Ra3 Rb8 19. f4 Nfe8 20. Nf3 Rb3 21. Ra2 Qb4 22. Nd2 Rxc3 23. bxc3 Bxc3 24. Nf3 Bg7 25. Bd2 Qb7 26. f5 Nf6 27. fxg6 hxg6 28. e5 dxe5 29. Nxe5 Nce8 30. Bd3 Qa7 31. Be3 Nd6 32. Qf2 Rc8 33. Qf3 Bf5 34. Bxf5 Nxf5 35. Nc6 Qb6 36. g4 Rxc6 37. dxc6 Nxe3 38. Qxe3 Nxg4 39. Qe4 Bd4+ 40. Kh1 Ne3 41. Rb1 Qc7 42. Qf3 Nxc4 43. Rb7 Qe5 44. Re2 Qg5 45. Re1 Ne5 46. Qg2 Qh4 47. Re4 Qh5 48. Rxd4 cxd4 49. c7 Qd1+ 50. Kh2 Nf3+ 51. Kg3 Qe1+ 52. Kxf3 Qe3+ 53. Kg4 Qe6+ 54. Kg3 Qe5+ 55. Kf2 Qe3+ 56. Kf1 Qc1+ 57. Ke2 Qc2+ 1/2-1/2

[Event "Berlin Lichtenberger op 18th"]
[Site "Berlin"]
[Date "2019.08.22"]
[Round "6"]
[White "Stein, Siegfried"]
[Black "Krawatzki, Armin"]
[Result "1-0"]
[WhiteElo "1852"]
[BlackElo "1637"]
[PlyCount "87"]
[EventDate "2019.08.17"]
[EventType "swiss"]
[EventRounds "9"]
[EventCountry "GER"]
[SourceTitle "EXT 2020"]
[Source "ChessBase"]
[SourceDate "2019.10.17"]
[SourceVersion "1"]
[SourceVersionDate "2019.10.17"]
[SourceQuality "1"]

1. e4 e6 2. d4 d5 3. e5 c5 4. c3 Nc6 5. Nf3 Bd7 6. a3 f6 7. Bd3 Nh6 8. h4 Nf7 9. exf6 gxf6 10. Qe2 c4 11. Bc2 Qc7 12. b4 0-0-0 13. a4 e5 14. dxe5 Re8 15. Kf1 Bg4 16. Qe3 Ncxe5 17. Qxa7 Nd3 18. Bd2 Nd6 19. Na3 Ne4 20. Nb5 Qb8 21. Be3 Qxa7 22. Nxa7+ Kb8 23. Nb5 Ng3+ 24. Kg1 Nxh1 25. Kxh1 Rxe3 26. fxe3 Bh6 27. Bxd3 cxd3 28. Rd1 Bf5 29. Nd6 Be4 30. Nf7 Bg7 31. Nxh8 Bxh8 32. Nd4 f5 33. Kg1 Bf6 34. g3 Kc7 35. Kf2 Kb6 36. Ra1 Ka6 37. Ra2 h5 38. a5 Bxd4 39. exd4 Kb5 40. Ke3 Kc4 41. Kd2 Kb3 42. Ra1 Kb2 43. Re1 Kb3 44. b5 1-0

[Event "Berlin Lichtenberger op 18th"]
[Site "Berlin"]
[Date "2019.08.18"]
[Round "2"]
[White "Stein, Siegfried"]
[Black "Braeunlin, Herbert"]
[Result "0-1"]
[WhiteElo "1852"]
[BlackElo "2091"]
[PlyCount "52"]
[EventDate "2019.08.17"]
[EventType "swiss"]
[EventRounds "9"]
[EventCountry "GER"]
[SourceTitle "EXT 2020"]
[Source "ChessBase"]
[SourceDate "2019.10.17"]
[SourceVersion "1"]
[SourceVersionDate "2019.10.17"]
[SourceQuality "1"]

1. e4 c5 2. d4 cxd4 3. c3 Nf6 4. e5 Nd5 5. cxd4 d6 6. Nf3 Nc6 7. Bd2 Bg4 8. Qb3 Nb6 9. Bb5 e6 10. Nc3 d5 11. a4 a6 12. Bg5 Qc7 13. Rc1 axb5 14. Nxb5 Qd7 15. Nd6+ Bxd6 16. exd6 f6 17. Qxb6 Bxf3 18. Bf4 Bxg2 19. Rg1 Be4 20. a5 0-0 21. b4 e5 22. dxe5 fxe5 23. Bxe5 Nxe5 24. Rg3 Nd3+ 25. Rxd3 Bxd3 26. Rc7 Qe6+ 0-1

[Event "Berlin Werner Ott op"]
[Site "Berlin"]
[Date "2019.06.26"]
[Round "5"]
[White "Stein, Siegfried"]
[Black "Groot, Patrick"]
[Result "1-0"]
[WhiteElo "1841"]
[BlackElo "1964"]
[PlyCount "141"]
[EventDate "2019.06.22"]
[EventType "swiss"]
[EventRounds "9"]
[EventCountry "GER"]
[SourceTitle "EXT 2022"]
[Source "ChessBase"]
[SourceDate "2021.10.06"]
[SourceVersion "1"]
[SourceVersionDate "2021.10.06"]
[SourceQuality "1"]

1. e4 c5 2. d4 cxd4 3. c3 Nf6 4. e5 Nd5 5. cxd4 d6 6. Nf3 Nc6 7. h3 g6 8. Qb3 dxe5 9. dxe5 Bg7 10. Bc4 e6 11. Bg5 Nde7 12. Nc3 0-0 13. 0-0 a6 14. Rfd1 Qc7 15. Bf1 h6 16. Bf4 g5 17. Bh2 Nxe5 18. Ne4 Nxf3+ 19. Qxf3 Be5 20. Nf6+ Kh8 21. Bxe5 Qxe5 22. Ng4 Qg7 23. Nf6 Nf5 24. Qc3 b5 25. Qe5 Bb7 26. Rd7 Bc6 27. Rc7 Rfc8 28. Rxc8+ Rxc8 29. Rc1 Ne7 30. Bd3 Bd5 31. Rxc8+ Nxc8 32. a4 bxa4 33. Bxa6 Ne7 34. Qb8+ Ng8 35. Nxg8 Qxg8 36. Qe5+ Qg7 37. Qb8+ Kh7 38. Bd3+ f5 39. Bc2 Qd7 40. Qb4 Bc6 41. Qf8 Qb7 42. Qf6 Bxg2 43. Qxe6 Bxh3 44. Bxf5+ Bxf5 45. Qxf5+ Kg7 46. Qe5+ Kf7 47. Qf5+ Ke8 48. Qe6+ Kd8 49. Qxh6 Qxb2 50. Qxg5+ Ke8 51. Qg6+ Kf8 52. Qf5+ Kg8 53. Qd5+ Kg7 54. Qd7+ Kh8 55. Qxa4 Qc1+ 56. Kg2 Qg5+ 57. Kf3 Qd5+ 58. Qe4 Qh5+ 59. Kg3 Qg5+ 60. Qg4 Qe5+ 61. Qf4 Qc3+ 62. Kg4 Qg7+ 63. Kh5 Qe7 64. Qh6+ Qh7 65. Qxh7+ Kxh7 66. Kg5 Kg7 67. Kf5 Kf7 68. f3 Kf8 69. Kf6 Kg8 70. f4 Kf8 71. f5 1-0

[Event "Berlin Lichtenberger op 17th"]
[Site "Berlin"]
[Date "2018.08.18"]
[Round "1"]
[White "Hacker, Jonas"]
[Black "Stein, Siegfried"]
[Result "1-0"]
[WhiteElo "2316"]
[BlackElo "1822"]
[PlyCount "121"]
[EventDate "2018.08.18"]
[EventType "swiss"]
[EventRounds "9"]
[EventCountry "GER"]
[SourceTitle "CBM 186 Extra"]
[Source "ChessBase"]
[SourceDate "2018.08.24"]
[SourceVersion "1"]
[SourceVersionDate "2018.08.24"]
[SourceQuality "1"]

1. e4 e5 2. Nf3 Nc6 3. Bb5 Nf6 4. 0-0 Bc5 5. d3 Nd4 6. Nxd4 Bxd4 7. c3 Bb6 8. Nd2 c6 9. Ba4 d6 10. Bb3 Qe7 11. Nc4 Bc7 12. Ne3 h6 13. Qf3 g6 14. a4 a5 15. Bc2 Be6 16. d4 h5 17. dxe5 dxe5 18. h3 Nh7 19. Rd1 Rd8 20. Rxd8+ Qxd8 21. Nf1 Qf6 22. Qe3 0-0 23. Nh2 Rd8 24. Rb1 Ba2 25. Ra1 Qe6 26. Nf3 Bb3 27. Bd3 Bc4 28. Bb1 Rd1+ 29. Kh2 Qf6 30. Bc2 Rd7 31. b3 Be6 32. Ba3 Bd8 33. Rd1 Rxd1 34. Bxd1 Ng5 35. Qxg5 Qxg5 36. Nxg5 Bxg5 37. Bd6 f6 38. Bc7 Bd2 39. Bxa5 Kf7 40. Kg1 Ke8 41. Kf1 Kd7 42. Ke2 Bg5 43. Bb6 f5 44. exf5 gxf5 45. Bc2 e4 46. f3 exf3+ 47. Kxf3 Bd5+ 48. Kf2 Be6 49. Be3 f4 50. Bc5 Kc7 51. c4 b6 52. Bd4 Be7 53. Bg6 h4 54. Kf3 Bd6 55. Bf2 Be5 56. Bxh4 b5 57. axb5 cxb5 58. Bd3 bxc4 59. Bxc4 Bd7 60. Ke4 Kd6 61. Be7+ 1-0

[Event "Berlin-ch QT"]
[Site "Berlin"]
[Date "2018.04.07"]
[Round "8"]
[White "Huels, Maximilian"]
[Black "Stein, Siegfried"]
[Result "1/2-1/2"]
[WhiteElo "1871"]
[BlackElo "1788"]
[PlyCount "55"]
[EventDate "2018.03.31"]
[EventType "swiss"]
[EventRounds "9"]
[EventCountry "GER"]
[SourceTitle "EXT 2020"]
[Source "ChessBase"]
[SourceDate "2019.10.17"]
[SourceVersion "1"]
[SourceVersionDate "2019.10.17"]
[SourceQuality "1"]

1. e4 e5 2. Nf3 Nc6 3. d4 exd4 4. Nxd4 Nf6 5. Nxc6 bxc6 6. e5 Qe7 7. Qe2 Nd5 8. c4 Ba6 9. b3 Qh4 10. a3 Bc5 11. Ra2 0-0 12. g3 Qe7 13. Rd2 d6 14. Bb2 dxe5 15. b4 Bd4 16. b5 cxb5 17. cxd5 Qc5 18. Bxd4 exd4 19. Qf3 Rae8+ 20. Be2 Qc1+ 21. Rd1 Qc2 22. Kf1 Rxe2 23. Qxe2 b4 24. Qxa6 Qxd1+ 25. Kg2 Qc2 26. Rf1 b3 27. Qc6 d3 28. a4 1/2-1/2

[Event "Berlin-ch QT"]
[Site "Berlin"]
[Date "2018.04.02"]
[Round "3"]
[White "Schmidt, Juergen"]
[Black "Stein, Siegfried"]
[Result "0-1"]
[WhiteElo "1927"]
[BlackElo "1788"]
[PlyCount "106"]
[EventDate "2018.03.31"]
[EventType "swiss"]
[EventRounds "9"]
[EventCountry "GER"]
[SourceTitle "EXT 2020"]
[Source "ChessBase"]
[SourceDate "2019.10.17"]
[SourceVersion "1"]
[SourceVersionDate "2019.10.17"]
[SourceQuality "1"]

1. e4 e5 2. Nf3 Nc6 3. Bb5 Nf6 4. 0-0 Bc5 5. c3 0-0 6. d4 Bb6 7. Bg5 h6 8. Bh4 d6 9. Nbd2 exd4 10. Bxc6 dxc3 11. bxc3 bxc6 12. Qa4 Bd7 13. e5 dxe5 14. Nxe5 g5 15. Bg3 Be6 16. Rad1 Qd5 17. c4 Qa5 18. Qc2 Rfe8 19. Nb3 Qb4 20. Nd4 Bxd4 21. Rxd4 Qc5 22. Rfd1 Rac8 23. h3 Kg7 24. Nf3 Qf5 25. Qa4 c5 26. R4d3 Ne4 27. Be5+ f6 28. g4 Qg6 29. Bh2 Re7 30. Re3 Rce8 31. Nd2 Nxd2 32. Rxd2 Qb1+ 33. Rd1 Qb6 34. Rde1 Kf7 35. Qc2 Kg7 36. Bg3 Qc6 37. h4 Qd7 38. h5 Bf7 39. Rxe7 Rxe7 40. Rxe7 Qxe7 41. Kh2 Qe6 42. Qf5 Qxf5 43. gxf5 Bxc4 44. a3 Be2 45. Bxc7 Bxh5 46. f4 Bg4 47. fxg5 hxg5 48. Kg3 Bxf5 49. Kf3 c4 50. Ba5 Kg6 51. Bc3 a6 52. Ke3 Bd7 53. Kd4 Bb5 0-1

[Event "Berlin-ch Seniors op 33rd"]
[Site "Berlin"]
[Date "2017.02.04"]
[Round "5"]
[White "Stein, Siegfried"]
[Black "Jaeger, Andre"]
[Result "0-1"]
[WhiteElo "1846"]
[BlackElo "1945"]
[PlyCount "112"]
[EventDate "2017.01.31"]
[EventType "swiss"]
[EventRounds "9"]
[EventCountry "GER"]
[SourceTitle "EXT 2019"]
[Source "ChessBase"]
[SourceDate "2018.10.10"]
[SourceVersion "1"]
[SourceVersionDate "2018.10.10"]
[SourceQuality "1"]

1. Nf3 c5 2. b3 d5 3. Bb2 Bg4 4. e3 a6 5. h3 Bh5 6. d4 cxd4 7. g4 Bg6 8. exd4 e6 9. Nbd2 Nc6 10. Rc1 Bd6 11. Bg2 Qf6 12. a3 h6 13. Qe2 Nge7 14. Ne5 Rd8 15. c4 0-0 16. 0-0 Qf4 17. Qe3 Qxe3 18. fxe3 Nxe5 19. dxe5 Bc5 20. Rfe1 Ba7 21. c5 Nc6 22. e4 d4 23. b4 Nxe5 24. Rc2 Nd3 25. Rf1 Nxb2 26. Rxb2 e5 27. Rc1 Rc8 28. Nc4 f6 29. Nd6 Rc7 30. Bf1 Rd8 31. Bc4+ Kh8 32. Kf1 Bb8 33. Rbc2 Re7 34. Bd5 Bxd6 35. cxd6 Rxd6 36. Rc8+ Be8 37. Rb8 Kh7 38. h4 Bc6 39. Bxc6 bxc6 40. Rc8 Ree6 41. Ke1 d3 42. Kd2 Rd4 43. R1xc6 Rxc6 44. Rxc6 Rxe4 45. Rxa6 Rd4 46. Rc6 Rxg4 47. Kxd3 Rg3+ 48. Kc4 Rxa3 49. b5 Ra4+ 50. Kd5 Rb4 51. Rc5 e4 52. Kc6 e3 53. b6 e2 54. Rc1 Rc4+ 55. Rxc4 e1Q 56. b7 Qe6+ 0-1

[Event "Berlin Lichtenberger op 14th"]
[Site "Berlin"]
[Date "2015.08.22"]
[Round "8"]
[White "Steinert, Christian"]
[Black "Stein, Siegfried"]
[Result "1-0"]
[WhiteElo "1971"]
[BlackElo "1713"]
[PlyCount "51"]
[EventDate "2015.08.15"]
[EventType "swiss"]
[EventRounds "9"]
[EventCountry "GER"]
[SourceTitle "EXT 2016"]
[Source "ChessBase"]
[SourceDate "2015.10.08"]
[SourceVersion "1"]
[SourceVersionDate "2015.10.08"]
[SourceQuality "1"]

1. e4 c5 2. c3 Nf6 3. e5 Nd5 4. d4 cxd4 5. Nf3 e6 6. Bc4 Nb6 7. Bb3 d6 8. 0-0 Nc6 9. Bg5 Be7 10. Bxe7 Qxe7 11. cxd4 d5 12. Nc3 a6 13. Rc1 Bd7 14. Bc2 Nb4 15. Bb1 Nc6 16. b3 f5 17. h4 0-0 18. Ne2 Be8 19. Nf4 Bf7 20. Ng5 Rae8 21. Rc3 Kh8 22. Rh3 Nd7 23. Re1 Rg8 24. Ree3 Nf8 25. Reg3 Ng6 26. Qh5 1-0